000 00542cam a2200157 i 4500
005 20250901165539.0
008 810108s1981 njua b 101 0 eng
010 _a 80028697
020 _a0898591058
050 0 0 _aBF371 .P27 1981
_b.P27 1981
082 0 0 _a153.1/2
_219
245 0 0 _aParallel models of associative memory /
_cedited by Geoffrey E. Hinton, James A. Anderson.
260 _aHillsdale, N.J. :
_bLawrence Erlbaum Associates,
_c1981.
300 _aviii, 295 p. :
_bill. ;
_c24 cm.
942 _2lcc
_hBF371 .P27 1981
999 _c5656
_d5656